Chansons de Tini - Statistiques

Statistiques générales
  • Ce quiz a été pris 67 fois
  • Le résultat moyen est 9 sur 20
Statistiques - réponses
TINI Quiero Volver TINI TINI TINI Cupido Un Menchón de Pelo % Correct
Siempre Brillarás 22 Bar
81%
Great Escape Flores Fresa Te Pido Posta
73%
Si Tu Te Vas Respirar Diciembre Miénteme
65%
Handwritten Never Ready Duele Beso En Las Rocas Ellas
58%
Got Me Started Like That Tuyo El Último Beso Ni de Ti
56%
Finders Keepers Consejo de Amor Playa Las Jordans Tinta 90
54%
Lo Que Tu Alma Escribe Suéltate El Pelo Maldita Foto
52%
Yo Te Amo A Ti
52%
Losing The Love
50%
My Stupid Heart Por Que Te Vas Te Olvidaré Carne y Hueso Ángel
42%
Se Escapa Tu Amor Ella Dice La Triple T
42%
Born To Shine
40%
Don't Cry For Me Waves Acércate La Loto Buenos Aires
40%
Sigo Adelante Te Quiero Más Oye Fantasi Me Voy
40%
Confía En Mi
35%
Still Standing Princesa Si Tu Supieras Muñecas Miedo
33%
Light Your Heart
27%
I Want You
23%
Sólo Dime Tu Love Is Love Recuerdo 7 Veces Bien
23%
Siempre Brillarás (Acústico)
2%
Aucun quiz correspondant
Distribution des résultats
% des personnes avec chaque résultat
Percentile par nombre de réponses
Votre historique - résultats
Vous n’avez pas pris ce quiz